000 00440nam a2200169Ia 4500
005 20250423101530.0
008 250422s9999 xx 000 0 und d
020 _a0- 679- 72742- 6
050 _aPS647.A35T47/
100 _aWilliam Wells Brown
245 0 _aThree classic african- american novels
260 _bVintage books
260 _c1990
300 _a747 p
650 _aAmerican fiction- afro- american authors
942 _cBK
999 _c36563
_d36563